LEADER 01137nam0 2200301 450 001 000002585 005 20050630115700.0 010 $a88-15-07611-5 100 $a--------g2000----km-y0itay50------ba 101 $aita 102 $aIT 200 1 $aFra decentramento amministrativo e integrazione europea$edecimo rapporto sull'industria e la politica industriale italiana$fa cura del Centro Europa ricerche e dell'Istituto per la ricerca sociale 210 $aBologna$cIl Mulino$d2000c 215 $a429 p.$cill.$d22 cm 225 2 $aStudi e ricerche$v451. 300 $aSul dorso : CER/IRS 300 $aIn cop.: quindici anni di industria italiana nei rapporti CER/IRS 410 0$12001$aStudi e ricerche 610 1 $aPolitica industriale$aItalia$a1992-1999 610 1 $aItalia$aIndustria$a1992-1999 676 $a338.480945 712 02$aCentro Europa Ricerche 712 02$aIstituto per la ricerca sociale 801 0$aIT $bUNIPARTHENOPE $gRICA $2UNIMARC 912 $a000002585 951 $cNAVA1$a338-F/5$b34133$d20010221 996 $aFra decentramento amministrativo e integrazione europea$9207920 997 $aUNIPARTHENOPE LEADER 01226nam0 22002651i 450 001 UON00094584 005 20231205102526.660 100 $a20020107d1997 |0itac50 ba 101 $afre 102 $aFR 105 $a|||| ||||| 200 1 $aˆLe ‰Departement d'archeologie et d'histoire de l'art de l'UniversitŪ catholique de Louvain$eCinquantieme anniversaire Louvain-la-Neuve, 25-26 avril 1997$ftextes reunis par Raymond Brulet et Tony Hackens 210 $a Louvain$cUniversitŪ catholique de Louvain$d1997 215 $a138 p.$cill.$d27 cm 316 $aUN. LOUVAIN$5IT-UONSI X 3BRULET/001 620 $aBE$dLouvain$3UONL000316 686 $aX3$cMISCELLANEE AUTORI VARI$2A 702 1$aBRULET$bRaymond$3UONV061006 712 $aUniversité Catholique de Louvain$3UONV270253$4650 801 $aIT$bSOL$c20240220$gRICA 899 $aSIBA - SISTEMA BIBLIOTECARIO DI ATENEO$2UONSI 912 $aUON00094584 950 $aSIBA - SISTEMA BIBLIOTECARIO DI ATENEO$dSI X 3 BRULET 001 $eSI MC 22160 5 001 UN. LOUVAIN 996 $aDepartement d'archeologie et d'histoire de l'art de l'UniversitŪ catholique de Louvain$91302628 997 $aUNIOR